[Event "KP 2024/25,J. Horice-Lazne Belohrad"]
[Site "?"]
[Date "2024.11.10"]
[Round "2.4"]
[White "Groh, Ladislav"]
[Black "Matonoha, Ctirad"]
[Result "0-1"]
[WhiteElo "1819"]
[BlackElo "1985"]
[PlyCount "62"]
[EventDate "2024.11.10"]

1. Nf3 d5 2. e3 c5 3. d4 Nf6 4. c3 Bg4 5. h3 Bh5 6. g4 Bg6 7. Ne5 e6 8. h4 Nbd7
9. Nd2 h6 10. Nxg6 fxg6 11. Bd3 Kf7 12. h5 g5 13. Bg6+ Ke7 14. b4 cxb4 15. f3
Qc7 16. cxb4 Qc3 17. Qb3 Rc8 18. Bb2 Qc7 19. Kf2 Kd8 20. Rac1 Qd6 21. Rxc8+
Kxc8 22. Qc2+ Kb8 23. Rc1 Nb6 24. Kg2 Be7 25. a3 Nfd7 26. Bf7 Bd8 27. Nb3 Bc7
28. Qf2 Nc4 29. Kf1 Rf8 30. Bg6 Nxb2 31. Qxb2 Rxf3+ 0-1

[Event "KP 2024/25,J. Horice-Lazne Belohrad"]
[Site "?"]
[Date "2024.11.10"]
[Round "2.5"]
[White "Rusnak, Jan"]
[Black "Kykal, Zbynek"]
[Result "1-0"]
[WhiteElo "1974"]
[BlackElo "1843"]
[PlyCount "65"]
[EventDate "2024.11.10"]

1. e4 c6 2. Nc3 d5 3. Nf3 Bg4 4. h3 Bh5 5. Qe2 Nf6 6. g4 dxe4 7. Ne5 Qd4 8. f4
Bg6 9. b3 Nd5 10. Qh2 e6 11. Bb2 e3 12. dxe3 Qxe3+ 13. Ne2 Bxc2 14. Bg2 Bb4+
15. Kf1 Qc5 16. Bd4 Qb5 17. Qg3 Bc5 18. Nc4 O-O 19. Rc1 Bg6 20. f5 Bxd4 21.
Nxd4 Qc5 22. Ne2 exf5 23. gxf5 Bh5 24. Nd6 Qa3 25. Bxd5 cxd5 26. Rg1 g6 27. Rc2
Bxe2+ 28. Rxe2 Nc6 29. f6 Qc1+ 30. Kf2 Qh6 31. Nf5 Qh5 32. Ng7 Nd4 33. Nxh5 1-0

[Event "KP 2024/25,J. Horice-Lazne Belohrad"]
[Site "?"]
[Date "2024.11.10"]
[Round "2.6"]
[White "Pochop, Karel ml."]
[Black "Sedivy, Ales"]
[Result "0-1"]
[WhiteElo "1827"]
[BlackElo "1938"]
[PlyCount "68"]
[EventDate "2024.11.10"]

1. Nf3 d5 2. b3 c5 3. Bb2 Nc6 4. e3 Bg4 5. Bb5 Rc8 6. h3 Bh5 7. O-O f6 8. Be2
e6 9. c4 Bd6 10. cxd5 exd5 11. d4 Nge7 12. Nc3 Bf7 13. Rc1 cxd4 14. Nxd4 O-O
15. Nxc6 bxc6 16. Rc2 Bb8 17. e4 Qd6 18. f4 d4 19. Na4 Rfd8 20. Nc5 Ng6 21. g3
a5 22. Ba6 Ba7 23. Nb7 d3+ 24. Rcf2 Qb4 25. Nxd8 Rxd8 26. Qe1 d2 27. Qe2 Bxf2+
28. Kxf2 Qc5+ 29. Kg2 Qc2 30. Rd1 Qxb2 31. Bd3 Qxa2 32. Rxd2 Qxb3 33. Bc2 Rxd2
34. Qxd2 Qb4 0-1

[Event "KP 2024/25,J. Horice-Lazne Belohrad"]
[Site "?"]
[Date "2024.11.10"]
[Round "2.7"]
[White "Kohout, Jan"]
[Black "Pochop, Karel st."]
[Result "1-0"]
[WhiteElo "1890"]
[BlackElo "1810"]
[PlyCount "63"]
[EventDate "2024.11.10"]

1. Nf3 d5 2. d4 Nf6 3. g3 e6 4. Bg2 Be7 5. O-O O-O 6. Nbd2 Nbd7 7. b3 c5 8. e3
Rb8 9. a4 b6 10. Bb2 Bb7 11. Qe2 Rc8 12. Rfc1 a6 13. c4 cxd4 14. exd4 Bb4 15.
Rd1 Qe7 16. Rac1 Rfe8 17. Ne5 Nxe5 18. dxe5 Nd7 19. Nf1 Nc5 20. cxd5 Bxd5 21.
Bxd5 exd5 22. Rxd5 Nxb3 23. Rxc8 Rxc8 24. Qxa6 Qe6 25. Rb5 Bc5 26. Rxb3 Bxf2+
27. Kxf2 Qf5+ 28. Kg1 h6 29. Ne3 Qb1+ 30. Qf1 Qe4 31. Qf5 Qc6 32. Rc3 1-0

[Event "KP 2024/25,SK Lipa C-SK Lomnice"]
[Site "?"]
[Date "2024.11.10"]
[Round "2.1"]
[White "Jirasek, Pavel"]
[Black "Novotny, Jaroslav"]
[Result "1-0"]
[WhiteElo "2268"]
[BlackElo "2163"]
[PlyCount "179"]
[EventDate "2024.??.??"]
[SourceVersionDate "2024.11.10"]

1. c4 e6 2. g3 d5 3. Bg2 Nf6 4. Nf3 Bd6 5. O-O O-O 6. b3 Nc6 7. Bb2 d4 8. Na3
Bc5 9. Nc2 a5 10. a3 Re8 11. b4 axb4 12. axb4 Rxa1 13. Qxa1 Nxb4 14. Nxb4 Bxb4
15. Bxd4 Bf8 16. Rb1 Nd7 17. Bc3 e5 18. Rb5 f6 19. Ra5 Nc5 20. Ra8 Qe7 21. Bb4
Bd7 22. Ne1 b6 23. Nd3 Rxa8 24. Qxa8 Qe8 25. Bd5+ Kh8 26. Qa3 Qe7 27. Nxc5 bxc5
28. Bc3 Qd8 29. Qa7 Bd6 30. Qb7 g6 31. d3 Kg7 32. Bd2 Bh3 33. Bg2 Be6 34. h4 h5
35. Kh2 Qd7 36. Be3 Qe7 37. Bc1 Bg4 38. Qe4 f5 39. Qe3 f4 40. Qe4 Bf5 41. Qa8
g5 42. Bd5 Be6 43. hxg5 Bxd5 44. Qxd5 Qxg5 45. gxf4 Qh4+ 46. Kg1 Qg4+ 47. Kf1
exf4 48. Bb2+ Kf8 49. f3 Qh3+ 50. Ke1 h4 51. Kd2 Qd7 52. Qh5 Qe7 53. Qf5+ Ke8
54. Bf6 Qe3+ 55. Kd1 Qg1+ 56. Kc2 Qe1 57. Qe6+ Kf8 58. Bg5 Kg7 59. Bf6+ Kf8 60.
Bc3 Qf2 61. Kd2 Qg3 62. Qf5+ Ke8 63. Qc8+ Ke7 64. Qf5 h3 65. Bf6+ Ke8 66. Bg5
Be7 67. Bxf4 Qh4 68. Qg6+ Kd7 69. Qg3 Qh5 70. Ke3 Bd6 71. Bxd6 cxd6 72. Qh2 Qh4
73. f4 Ke6 74. Kf3 Kf6 75. e3 Qh7 76. e4 Qh5+ 77. Kg3 Qd1 78. Qb2+ Kf7 79. Qb7+
Kf6 80. e5+ dxe5 81. Qc6+ Kg7 82. Qd7+ Kg6 83. Qe6+ Kh7 84. Qxh3+ Kg6 85. Qe6+
Kh7 86. Qf5+ Kh6 87. fxe5 Qe1+ 88. Qf2 Qd1 89. Qf4+ Kh7 90. Qh4+ 1-0

[Event "KP 2024/25,SK Lipa C-SK Lomnice"]
[Site "?"]
[Date "2024.11.10"]
[Round "2.2"]
[White "Blazek, Dusan"]
[Black "Pokorny, Zdenek"]
[Result "1/2-1/2"]
[WhiteElo "2086"]
[BlackElo "2190"]
[PlyCount "54"]
[EventDate "2024.??.??"]
[SourceVersionDate "2024.11.10"]

1. e4 e5 2. Nf3 Nc6 3. d4 exd4 4. Nxd4 Nf6 5. Nxc6 bxc6 6. Nc3 Bb4 7. Bd3 d5 8.
exd5 Qe7+ 9. Qe2 Qxe2+ 10. Kxe2 cxd5 11. Bg5 Bxc3 12. bxc3 Ne4 13. Bxe4 dxe4
14. Bf4 Ba6+ 15. Ke3 O-O-O 16. Rhd1 f6 17. h4 Rhe8 18. Rd4 Re6 19. Rxd8+ Kxd8
20. Rd1+ Kc8 21. Rd4 f5 22. Rd5 g6 23. Rc5 Re7 24. Rc6 Kb7 25. Rf6 Bf1 26. g3
Bc4 27. a3 Be6 1/2-1/2

[Event "KP 2024/25,SK Lipa C-SK Lomnice"]
[Site "?"]
[Date "2024.11.10"]
[Round "2.3"]
[White "Ruda, Ondrej"]
[Black "Volman, Vaclav"]
[Result "1-0"]
[WhiteElo "1989"]
[BlackElo "1957"]
[PlyCount "53"]
[EventDate "2024.??.??"]
[SourceVersionDate "2024.11.10"]

1. e4 c5 2. Nc3 e6 3. f4 d5 4. Bb5+ Bd7 5. Bxd7+ Qxd7 6. exd5 exd5 7. Qe2+ Be7
8. Nf3 Nc6 9. O-O Nf6 10. Ne5 Qd8 11. Nxc6 bxc6 12. Re1 a5 13. Na4 Ra7 14. b3
O-O 15. Bb2 Bd6 16. Be5 Re7 17. Qa6 Qc7 18. Bxd6 Rxe1+ 19. Rxe1 Qxd6 20. g3 h5
21. Qxa5 h4 22. Qxc5 Qd7 23. Nc3 hxg3 24. hxg3 g5 25. Re5 gxf4 26. Rg5+ Kh7 27.
Qxf8 1-0

[Event "KP 2024/25,SK Lipa C-SK Lomnice"]
[Site "?"]
[Date "2024.11.10"]
[Round "2.4"]
[White "Blaha, Milan"]
[Black "Smid, Jaroslav"]
[Result "1/2-1/2"]
[WhiteElo "1945"]
[BlackElo "1923"]
[PlyCount "30"]
[EventDate "2024.??.??"]
[SourceVersionDate "2024.11.10"]

1. d4 d5 2. Nc3 Nf6 3. Bf4 c6 4. e3 Bf5 5. f3 e6 6. g4 Bg6 7. h4 h5 8. g5 Ng8
9. Bd3 Bxd3 10. Qxd3 Bd6 11. Nge2 Ne7 12. O-O-O Qc7 13. Bxd6 Qxd6 14. e4 Na6
15. Qe3 O-O-O 1/2-1/2

[Event "KP 2024/25,SK Lipa C-SK Lomnice"]
[Site "?"]
[Date "2024.11.10"]
[Round "2.5"]
[White "Nemec, Otakar"]
[Black "Laska, Tomas"]
[Result "1/2-1/2"]
[WhiteElo "1859"]
[BlackElo "1902"]
[PlyCount "57"]
[EventDate "2024.??.??"]
[SourceVersionDate "2024.11.10"]

1. e4 c5 2. c3 d5 3. exd5 Qxd5 4. d4 e6 5. Nf3 Nf6 6. Na3 Nc6 7. Be2 Be7 8. Be3
cxd4 9. Nb5 Qd8 10. Nbxd4 Nxd4 11. Bxd4 O-O 12. O-O b6 13. Ne5 Bb7 14. Bf3 Qc7
15. Bxb7 Qxb7 16. Qf3 Qxf3 17. Nxf3 Rfd8 18. Rfd1 Rd5 19. c4 Rdd8 20. h3 Nd7
21. Kf1 f6 22. Be3 Rac8 23. b3 Kf7 24. Ke2 a6 25. Rac1 Ba3 26. Rc2 Ke7 27. Bc1
Bc5 28. Be3 Ba3 29. Bc1 1/2-1/2

[Event "KP 2024/25,SK Lipa C-SK Lomnice"]
[Site "?"]
[Date "2024.11.10"]
[Round "2.6"]
[White "Pospisil, Jiri"]
[Black "Tsapanidis, Vasilis"]
[Result "1/2-1/2"]
[WhiteElo "1847"]
[BlackElo "1825"]
[PlyCount "133"]
[EventDate "2024.??.??"]
[SourceVersionDate "2024.11.10"]

1. e4 e6 2. d4 d5 3. exd5 exd5 4. Nf3 Nf6 5. Bg5 Be7 6. c3 O-O 7. Be2 Re8 8.
O-O Ne4 9. Be3 Nd7 10. Nbd2 Ndf6 11. Nxe4 Nxe4 12. Ne5 Bd6 13. f3 Nf6 14. f4
Ne4 15. Bd3 f5 16. Qh5 Rf8 17. Rf3 Rf6 18. Rh3 h6 19. Bxe4 fxe4 20. Rg3 Bf5 21.
Ng4 Bxg4 22. Rxg4 c6 23. Rf1 Qe8 24. Qh3 Qf7 25. f5 Rf8 26. Bxh6 Rxh6 27. Qxh6
Be7 28. Qe6 Bf6 29. Qxf7+ Rxf7 30. Kf2 Kh7 31. Ke2 Kh6 32. Rgf4 Re7 33. g3 Kh5
34. R4f2 Bg5 35. b3 Bf6 36. h3 Bg5 37. g4+ Kh4 38. Rh1 Re8 39. a4 a5 40. Rff1
Bf6 41. Rfg1 b6 42. Rb1 c5 43. Rbd1 cxd4 44. cxd4 Bg5 45. Rc1 Bxc1 46. Rxc1
Kxh3 47. Rc6 Kxg4 48. Rxb6 Kxf5 49. Rb5 Kf4 50. Rxd5 g5 51. Rd7 Rb8 52. Rf7+
Kg3 53. Ke3 Rxb3+ 54. Kxe4 Rb4 55. Rf5 g4 56. Rxa5 Kg2 57. Rg5 g3 58. a5 Kf2
59. Rf5+ Kg1 60. Ke3 g2 61. Rg5 Rb3+ 62. Ke4 Ra3 63. d5 Rxa5 64. Ke5 Ra2 65.
Ke6 Rf2 66. Kd7 Kf1 67. d6 1/2-1/2

[Event "KP 2024/25,SK Lipa C-SK Lomnice"]
[Site "?"]
[Date "2024.11.10"]
[Round "2.7"]
[White "Moravec, Radovan"]
[Black "Hyska, Pavel"]
[Result "1-0"]
[WhiteElo "1758"]
[BlackElo "1868"]
[PlyCount "71"]
[EventDate "2024.??.??"]
[SourceVersionDate "2024.11.10"]

1. d4 d6 2. c4 e5 3. dxe5 dxe5 4. Qxd8+ Kxd8 5. Nf3 f6 6. e3 Be6 7. Nc3 c6 8.
Be2 Nd7 9. O-O Kc7 10. a3 a5 11. Ne4 Nh6 12. Bd2 Nc5 13. Nxc5 Bxc5 14. Bxa5+
Rxa5 15. b4 Ra4 16. Bd1 Ra7 17. bxc5 Bxc4 18. Re1 Rha8 19. a4 Bb5 20. Bc2 g6
21. Ra3 Rd8 22. h3 Raa8 23. Rea1 Bc4 24. Rb1 Ra5 25. Rb4 Be2 26. Rab3 Ra7 27.
Ne1 Bd1 28. Bxd1 Rxd1 29. Kf1 Rc1 30. Ke2 Rxc5 31. e4 Nf7 32. Rf3 b5 33. Rxf6
Nd6 34. axb5 Nxb5 35. Nd3 Nd4+ 36. Rxd4 1-0

[Event "KP 2024/25,SK Lipa C-SK Lomnice"]
[Site "?"]
[Date "2024.11.10"]
[Round "2.8"]
[White "Dlouhy, Milan"]
[Black "Landsmanova, Marie Magdalena"]
[Result "1-0"]
[WhiteElo "1807"]
[BlackElo "1661"]
[PlyCount "51"]
[EventDate "2024.??.??"]
[SourceVersionDate "2024.11.10"]

1. d4 Nf6 2. Bf4 e6 3. e3 d5 4. Nc3 a6 5. Bd3 Be7 6. Qf3 O-O 7. g4 g6 8. Qg3
Bd6 9. Nf3 Bxf4 10. Qxf4 Nc6 11. O-O-O Nb4 12. h4 Nxg4 13. Qxg4 e5 14. Qg5 e4
15. Qh6 Nxd3+ 16. cxd3 exf3 17. Rdg1 f6 18. Rxg6+ Kf7 19. Rg7+ Ke6 20. e4 dxe4
21. Re1 Kd6 22. Qf4+ Kc6 23. d5+ Kb6 24. Qe3+ c5 25. Na4+ Kb5 26. Qxc5+ 1-0

[Event "KP 2024/25,J. Jaromer-SSPM Lipky C"]
[Site "?"]
[Date "2024.11.10"]
[Round "2.1"]
[White "Hubka, Lubos"]
[Black "Nun, Jiri"]
[Result "1/2-1/2"]
[WhiteElo "1996"]
[BlackElo "2232"]
[PlyCount "32"]
[EventDate "2024.??.??"]

1. e4 c5 2. Nf3 Nc6 3. d4 cxd4 4. Nxd4 Nf6 5. Nc3 e5 6. Ndb5 d6 7. Bg5 a6 8.
Na3 b5 9. Nd5 Be7 10. Bxf6 Bxf6 11. c3 O-O 12. Nc2 Bg5 13. Bd3 Be6 14. Nce3
Bxe3 15. Nxe3 Ne7 16. O-O d5 1/2-1/2

[Event "KP 2024/25,J. Jaromer-SSPM Lipky C"]
[Site "?"]
[Date "2024.11.10"]
[Round "2.2"]
[White "Novak, Radomir"]
[Black "Prouza, Tomas"]
[Result "1-0"]
[WhiteElo "2055"]
[BlackElo "1949"]
[PlyCount "109"]
[EventDate "2024.??.??"]

1. d4 Nf6 2. c4 e6 3. Nc3 b6 4. e4 d6 5. Nf3 Bb7 6. Bd3 Nbd7 7. O-O e5 8. d5
Nc5 9. Bc2 a5 10. a3 Be7 11. h3 O-O 12. Be3 Bc8 13. b4 axb4 14. axb4 Rxa1 15.
Qxa1 Ncd7 16. Nb5 Ne8 17. Qa8 Ndf6 18. Na7 Bd7 19. Qb7 Nh5 20. Ra1 Nf4 21. Nc6
Bxc6 22. Qxc6 Bf6 23. Ra8 Qe7 24. Ba4 Ne2+ 25. Kf1 Nc3 26. Rxe8 Rxe8 27. Qxe8+
Qxe8 28. Bxe8 Nxe4 29. Ke2 Kf8 30. Bd7 Bd8 31. Bf5 Nf6 32. Nd2 h6 33. Ne4 Ne8
34. Bd7 Nf6 35. Nxf6 Bxf6 36. Kd3 Ke7 37. Bc8 h5 38. g4 hxg4 39. hxg4 g6 40. g5
Bg7 41. c5 bxc5 42. bxc5 Kd8 43. Bg4 Bf8 44. Kc4 Be7 45. Kb5 dxc5 46. Kc6 c4
47. Kb5 c3 48. Kc4 c2 49. Kd3 e4+ 50. Kxc2 f5 51. gxf6 Bxf6 52. Kb3 Be5 53. Kc4
Ke7 54. Bd1 Kf6 55. Bd4 1-0

[Event "KP 2024/25,J. Jaromer-SSPM Lipky C"]
[Site "?"]
[Date "2024.11.10"]
[Round "2.3"]
[White "Wenke, Oldrich"]
[Black "Jezbera, Jiri"]
[Result "0-1"]
[WhiteElo "1945"]
[BlackElo "2031"]
[PlyCount "62"]
[EventDate "2024.??.??"]

1. e4 c5 2. Nc3 e6 3. f4 Nc6 4. Bb5 Qc7 5. d3 Nge7 6. Nf3 a6 7. Bxc6 Nxc6 8.
O-O Be7 9. Qe1 Nd4 10. Qf2 b5 11. Be3 Nxf3+ 12. Qxf3 Bb7 13. Qg4 g6 14. Rae1
O-O-O 15. e5 f5 16. Qe2 Rdg8 17. Qf2 g5 18. Ne2 gxf4 19. Nxf4 Rxg2+ 20. Nxg2
Rg8 21. Re2 Rxg2+ 22. Qxg2 Bxg2 23. Rxg2 Qxe5 24. Bc1 c4 25. dxc4 bxc4 26. Rg8+
Kb7 27. Rg2 h5 28. c3 Bc5+ 29. Kh1 Qe4 30. Bd2 h4 31. h3 Qd3 0-1

[Event "KP 2024/25,J. Jaromer-SSPM Lipky C"]
[Site "?"]
[Date "2024.11.10"]
[Round "2.4"]
[White "Vestfal, Jan"]
[Black "Mares, Stepan"]
[Result "1-0"]
[WhiteElo "2011"]
[BlackElo "1881"]
[PlyCount "73"]
[EventDate "2024.??.??"]

1. d4 Nf6 2. Bg5 g6 3. Bxf6 exf6 4. e3 Bg7 5. g3 d5 6. Bg2 O-O 7. Ne2 Be6 8.
O-O Na6 9. c4 c6 10. c5 Re8 11. Nbc3 Qd7 12. Re1 Bg4 13. Qa4 Bxe2 14. Rxe2 f5
15. Nxd5 Rad8 16. Nc3 h5 17. Rc1 h4 18. b4 Nc7 19. Qxa7 Ne6 20. b5 h3 21. bxc6
Qe7 22. Bxh3 Qg5 23. Rce1 bxc6 24. Qb6 Rc8 25. Bg2 Qg4 26. Bxc6 Red8 27. Bb7
Ng5 28. Bg2 Ne6 29. c6 Kh7 30. Rc2 f4 31. d5 fxe3 32. Qxe3 Nd4 33. Rd2 Nf5 34.
Qd3 Rxc6 35. Ne4 Rcc8 36. Bf3 Rxd5 37. Qxd5 1-0

[Event "KP 2024/25,J. Jaromer-SSPM Lipky C"]
[Site "?"]
[Date "2024.11.10"]
[Round "2.5"]
[White "Stanek, Petr"]
[Black "Minovsky, Roman"]
[Result "1/2-1/2"]
[WhiteElo "1930"]
[BlackElo "1950"]
[PlyCount "43"]
[EventDate "2024.??.??"]

1. Nf3 d5 2. d3 c5 3. g3 Nc6 4. Nbd2 Nf6 5. Bg2 e6 6. O-O Be7 7. e4 O-O 8. Re1
dxe4 9. dxe4 e5 10. c3 h6 11. Qc2 Qc7 12. Nf1 Be6 13. Ne3 Rfd8 14. b3 Rd7 15.
Bb2 Rad8 16. Rad1 Rxd1 17. Rxd1 b5 18. Rxd8+ Qxd8 19. c4 bxc4 20. bxc4 Nd4 21.
Nxd4 exd4 22. Nd5 1/2-1/2

[Event "KP 2024/25,J. Jaromer-SSPM Lipky C"]
[Site "?"]
[Date "2024.11.10"]
[Round "2.6"]
[White "Komora, Matej"]
[Black "Stankova, Radka"]
[Result "1-0"]
[WhiteElo "1877"]
[BlackElo "1893"]
[PlyCount "95"]
[EventDate "2024.??.??"]

1. e4 e6 2. d4 d5 3. exd5 exd5 4. c4 Nf6 5. Nc3 Be7 6. cxd5 Nxd5 7. Bc4 Nb6 8.
Bb3 O-O 9. Nge2 Bf5 10. O-O N8d7 11. Bf4 Nf6 12. Rc1 c6 13. Ng3 Bg6 14. Re1 Qd7
15. d5 cxd5 16. Na4 Bd6 17. Nxb6 axb6 18. Bxd6 Qxd6 19. Qd4 Rfe8 20. Rxe8+ Rxe8
21. Rd1 Rd8 22. Ne2 Bf5 23. Nc3 Be6 24. Na4 b5 25. Nc5 Bc8 26. Nd3 b6 27. h3
Bb7 28. Re1 h6 29. Ne5 Qc5 30. Nf3 Ne4 31. Rxe4 dxe4 32. Qxd8+ Kh7 33. Nh2 Qc1+
34. Qd1 Qxb2 35. Bd5 Bc8 36. Bxe4+ f5 37. Qb1 Qe5 38. Bd3 Bd7 39. Nf3 Qd5 40.
Qb3 Qc5 41. Qc2 Kh8 42. Qxc5 bxc5 43. Ne5 c4 44. Bxc4 bxc4 45. Nxd7 c3 46. Nc5
Kg8 47. Kf1 Kf7 48. Ke2 1-0

[Event "KP 2024/25,J. Jaromer-SSPM Lipky C"]
[Site "?"]
[Date "2024.11.10"]
[Round "2.7"]
[White "Rutter, Lidmila"]
[Black "Nosek, Jan"]
[Result "1-0"]
[WhiteElo "1929"]
[BlackElo "1926"]
[PlyCount "58"]
[EventDate "2024.??.??"]

1. e4 c5 2. Nf3 d6 3. d4 cxd4 4. Nxd4 Nf6 5. Nc3 Nc6 6. Bg5 e6 7. f4 Qb6 8.
Bxf6 gxf6 9. Bb5 Bd7 10. Nde2 Rg8 11. g3 a6 12. Ba4 Qc7 13. Qd2 b5 14. Bb3 Na5
15. Rf1 Bc6 16. f5 Nxb3 17. axb3 b4 18. fxe6 fxe6 19. Rxf6 bxc3 20. Rxe6+ Kd7
21. Qxc3 Bg7 22. Qc4 Bb5 23. Re7+ Kxe7 24. Qxc7+ Bd7 25. O-O-O Be5 26. Nd4 Rgc8
27. Nf5+ Ke8 28. Nxd6+ Bxd6 29. Qxd6 Ra7 1-0

[Event "KP 2024/25,J. Jaromer-SSPM Lipky C"]
[Site "?"]
[Date "2024.11.10"]
[Round "2.8"]
[White "Marek, Petr"]
[Black "Kunes, Jan"]
[Result "1/2-1/2"]
[WhiteElo "1881"]
[BlackElo "1859"]
[PlyCount "38"]
[EventDate "2024.??.??"]

1. e4 c5 2. Nf3 d6 3. d4 cxd4 4. Nxd4 Nf6 5. Nc3 a6 6. Bg5 e6 7. f4 Be7 8. Qf3
Qc7 9. O-O-O Nc6 10. g4 Nxd4 11. Rxd4 b5 12. Bg2 Bb7 13. h4 Rc8 14. Qe2 h6 15.
Bxf6 Bxf6 16. Rd3 b4 17. Nd1 Bc6 18. Qd2 Be7 19. Rdh3 Qb7 1/2-1/2

[Event "KP 2024/25,TJ Nachod B-Jiskra N. Bydzov"]
[Site "?"]
[Date "2024.11.10"]
[Round "2.1"]
[White "Cerha, Michal"]
[Black "Kohout, Martin"]
[Result "0-1"]
[WhiteElo "1981"]
[BlackElo "2016"]
[PlyCount "64"]
[EventDate "2023.01.15"]

1. d4 Nf6 2. Bf4 e6 3. e3 Be7 4. Bd3 b6 5. Nd2 Bb7 6. Ngf3 O-O 7. c3 d5 8. Ne5
Ne4 9. f3 Nxd2 10. Qxd2 f6 11. Qc2 fxe5 12. Bxh7+ Kh8 13. dxe5 Bg5 14. h4 Bxf4
15. exf4 Nd7 16. g3 d4 17. O-O Qe7 18. cxd4 g5 19. Be4 Bxe4 20. Qxe4 gxf4 21.
g4 c5 22. Kg2 cxd4 23. Qxd4 Rad8 24. Rf2 Nc5 25. Qc3 Rd5 26. Re2 Rfd8 27. Rf1
a5 28. Qc4 Rd4 29. Qb5 Qc7 30. a3 Rd3 31. Rc2 a4 32. Qxa4 Qb7 0-1

[Event "KP 2024/25,TJ Nachod B-Jiskra N. Bydzov"]
[Site "?"]
[Date "2024.11.10"]
[Round "2.2"]
[White "Prazak, Matous"]
[Black "Semerak, Pavel"]
[Result "1/2-1/2"]
[WhiteElo "1983"]
[BlackElo "1968"]
[PlyCount "85"]
[EventDate "2023.01.15"]

1. c4 c5 2. Nc3 g6 3. g3 Bg7 4. Bg2 Nc6 5. d3 Nf6 6. e4 d6 7. Nge2 O-O 8. O-O
a6 9. h3 Rb8 10. f4 e5 11. f5 b5 12. cxb5 axb5 13. Bg5 h6 14. Bxf6 Bxf6 15. Nd5
h5 16. Nxf6+ Qxf6 17. fxg6 Qxg6 18. Kh2 Kg7 19. Qd2 f6 20. Bf3 Be6 21. Rg1 Rh8
22. Rg2 Qh6 23. Qxh6+ Kxh6 24. a3 Rhg8 25. Rf2 Kg6 26. Nc3 Nd4 27. Raf1 b4 28.
axb4 cxb4 29. Ne2 Nxe2 30. Bxe2 Rgf8 31. Bd1 Ra8 32. Rc2 Ra2 33. Rff2 Ra1 34.
Rcd2 Rc8 35. d4 Rcc1 36. Bf3 Rf1 37. dxe5 Rxf2+ 38. Rxf2 dxe5 39. Rd2 Rb1 40.
Kg2 Bc4 41. Kf2 Kg5 42. h4+ Kg6 43. Bd1 1/2-1/2

[Event "KP 2024/25,TJ Nachod B-Jiskra N. Bydzov"]
[Site "?"]
[Date "2024.11.10"]
[Round "2.3"]
[White "Sobotnik, Petr"]
[Black "Vanek, Tomas"]
[Result "1/2-1/2"]
[WhiteElo "1925"]
[BlackElo "1933"]
[PlyCount "98"]
[EventDate "2023.01.15"]

1. c4 Nf6 2. Nc3 d5 3. cxd5 Nxd5 4. g3 Nxc3 5. bxc3 Bd7 6. Bg2 Bc6 7. Nf3 e6 8.
O-O Bd6 9. d4 Nd7 10. Re1 Be4 11. Bg5 Nf6 12. Qb3 O-O 13. Nd2 Bxg2 14. Kxg2 b6
15. e4 Be7 16. Nf3 h6 17. Bf4 c6 18. Rad1 Qc8 19. c4 Re8 20. h3 Qb7 21. a4 Bf8
22. Rb1 Nd7 23. g4 g6 24. Qc2 Bg7 25. Be3 Rab8 26. Red1 Qc7 27. Qd2 Kh7 28. Bf4
e5 29. dxe5 Nxe5 30. Nxe5 Bxe5 31. Bxh6 c5 32. Be3 Rbd8 33. Qc2 Qc6 34. Rd5 Bb8
35. Rbd1 Qc7 36. f4 Qe7 37. Rxd8 Rxd8 38. Rxd8 Qxd8 39. Qd2 Qe8 40. Qd5 Kg7 41.
Qb7 g5 42. Qd5 Bxf4 43. Bxf4 gxf4 44. Qg5+ Kf8 45. Qxf4 Qxa4 46. e5 Qc2+ 47.
Kg3 Kg7 48. h4 Qd3+ 49. Kg2 Qe2+ 1/2-1/2

[Event "KP 2024/25,TJ Nachod B-Jiskra N. Bydzov"]
[Site "?"]
[Date "2024.11.10"]
[Round "2.4"]
[White "Vanicek, Vojtech"]
[Black "Jirman, Jonas"]
[Result "1-0"]
[WhiteElo "1908"]
[BlackElo "1738"]
[PlyCount "89"]
[EventDate "2023.01.15"]

1. e4 c5 2. Nf3 Nc6 3. d4 cxd4 4. Nxd4 Nf6 5. Nc3 e5 6. Ndb5 d6 7. Nd5 Nxd5 8.
exd5 Nb8 9. c4 Be7 10. Be2 a6 11. Nc3 O-O 12. O-O Nd7 13. b4 f5 14. Na4 e4 15.
Bb2 b6 16. f3 Bf6 17. fxe4 Bxb2 18. Nxb2 fxe4 19. Qd4 Nf6 20. Na4 Rb8 21. Nc3
Qe7 22. a4 Bd7 23. h3 Be8 24. Rab1 Bg6 25. a5 Nd7 26. Rxf8+ Kxf8 27. axb6 Rxb6
28. Na4 Rb7 29. Rf1+ Kg8 30. c5 Qe5 31. Qxe5 Nxe5 32. c6 Ra7 33. Rc1 Bf5 34. c7
Ra8 35. Nb6 Re8 36. c8=Q Bxc8 37. Rxc8 Rxc8 38. Nxc8 Nd7 39. Nxd6 e3 40. Nf5
Nb6 41. Nxe3 Kf8 42. Bxa6 Ke7 43. Kf2 g6 44. Kf3 Kd6 45. Nc4+ 1-0

[Event "KP 2024/25,TJ Nachod B-Jiskra N. Bydzov"]
[Site "?"]
[Date "2024.11.10"]
[Round "2.5"]
[White "Pultar, Petr"]
[Black "Mrazek, Vladimir"]
[Result "1/2-1/2"]
[WhiteElo "1891"]
[BlackElo "1857"]
[PlyCount "46"]
[EventDate "2023.01.15"]

1. d4 d5 2. Nf3 Nf6 3. c4 e6 4. Bg5 Be7 5. e3 Nbd7 6. Nc3 c6 7. Qc2 h6 8. Bh4
O-O 9. c5 Nh5 10. Bxe7 Qxe7 11. g4 Nhf6 12. g5 hxg5 13. Nxg5 e5 14. O-O-O e4
15. Be2 Re8 16. h4 Nf8 17. Rdg1 Bf5 18. Nh3 b6 19. cxb6 axb6 20. Nf4 Ne6 21.
Nxe6 Qxe6 22. Rg3 Rec8 23. Rhg1 Ne8 1/2-1/2

[Event "KP 2024/25,TJ Nachod B-Jiskra N. Bydzov"]
[Site "?"]
[Date "2024.11.10"]
[Round "2.6"]
[White "Bednar, Milos"]
[Black "Hepnar, David"]
[Result "1-0"]
[WhiteElo "1840"]
[BlackElo "1859"]
[PlyCount "71"]
[EventDate "2023.11.26"]

1. e4 e5 2. Nf3 Nc6 3. Bc4 Bc5 4. Nc3 Nf6 5. d3 h6 6. a3 a5 7. Be3 Bxe3 8. fxe3
d6 9. O-O O-O 10. Qe1 Be6 11. Nd5 Bxd5 12. exd5 Ne7 13. e4 Ng6 14. Nh4 Nh5 15.
Nxg6 fxg6 16. Rxf8+ Qxf8 17. g3 Qe7 18. Qd2 Rf8 19. Rf1 Rxf1+ 20. Kxf1 Qd7 21.
Kg2 Qg4 22. Qe1 Nf4+ 23. Kf2 Nh3+ 24. Ke3 h5 25. Qf1 h4 26. Qg2 Qg5+ 27. Kf3
Qf6+ 28. Ke2 hxg3 29. hxg3 Ng5 30. c3 Nh7 31. Qh3 Qg5 32. Qe6+ Kf8 33. Qc8+ Kf7
34. Qxc7+ Kf8 35. Qxd6+ Kg8 36. Qe6+ 1-0

[Event "KP 2024/25,TJ Nachod B-Jiskra N. Bydzov"]
[Site "?"]
[Date "2024.11.10"]
[Round "2.7"]
[White "Novotny, Jan"]
[Black "Vanicek, Lukas"]
[Result "1-0"]
[WhiteElo "1919"]
[BlackElo "1804"]
[PlyCount "95"]
[EventDate "2023.01.15"]

1. Nf3 d6 2. d4 g6 3. c4 Bg7 4. Nc3 Bg4 5. e3 Nd7 6. Be2 Ngf6 7. O-O O-O 8. h3
Bxf3 9. Bxf3 c6 10. Qc2 Nb6 11. b3 d5 12. cxd5 Nbxd5 13. Nxd5 cxd5 14. Bd2 Qd7
15. Qd3 h5 16. Rac1 Rac8 17. Rxc8 Rxc8 18. Rc1 Rxc1+ 19. Bxc1 Qc6 20. Bb2 e6
21. Qc3 Qxc3 22. Bxc3 Nd7 23. Kf1 Kf8 24. Ke2 Ke8 25. Kd3 Bf8 26. a4 a6 27. g4
hxg4 28. hxg4 Be7 29. Be2 Bh4 30. f4 g5 31. Bf3 Nf6 32. Bb4 gxf4 33. exf4 Nd7
34. Ke3 Be7 35. Bxe7 Kxe7 36. g5 a5 37. f5 Nb8 38. f6+ Kf8 39. Be2 Nc6 40. Bb5
Nb4 41. Kf4 Nc2 42. Ke5 Na1 43. g6 Nxb3 44. g7+ Kg8 45. Be2 Nd2 46. Kd6 Ne4+
47. Ke7 Ng3 48. Bg4 1-0

[Event "KP 2024/25,TJ Nachod B-Jiskra N. Bydzov"]
[Site "?"]
[Date "2024.11.10"]
[Round "2.8"]
[White "Rozenek, Roman"]
[Black "Bednar, Jiri"]
[Result "0-1"]
[WhiteElo "1795"]
[BlackElo "1876"]
[PlyCount "92"]
[EventDate "2023.01.15"]

1. e4 c5 2. a3 Nc6 3. b4 cxb4 4. axb4 Nxb4 5. c3 Nc6 6. d4 d5 7. exd5 Qxd5 8.
Na3 e5 9. Nb5 Bd6 10. Bc4 Qe4+ 11. Ne2 Bb8 12. O-O Nge7 13. Qb3 O-O 14. d5 Nd8
15. Bg5 Ng6 16. d6 Be6 17. Bxe6 Nxe6 18. Ng3 Qc6 19. Be7 Nef4 20. f3 Nxe7 21.
dxe7 Qc5+ 22. Kh1 Qxe7 23. Ne4 Rd8 24. Qc4 a6 25. Qb3 Bc7 26. Na3 b5 27. Nc2
Nd5 28. Ra2 Nf6 29. Nb4 Nxe4 30. fxe4 Bd6 31. Nc6 Qb7 32. Nxd8 Rxd8 33. Raf2
Rd7 34. h3 Kf8 35. Qe6 Kg8 36. Qe8+ Bf8 37. Qxe5 Re7 38. Qh5 g6 39. Qg4 Bg7 40.
Qf3 Qc7 41. Ra1 a5 42. Rc2 b4 43. Rb1 Bxc3 44. Ra2 Qc5 45. Qd3 Ra7 46. Rf1 a4
0-1